[Event "Madrid ch Veteranos 2010"]
[Site "Madrid ESP"]
[Date "2010.02.10"]
[Round "3.11"]
[White "Fernandez Garcia, Ignacio"]
[Black "Benito Alba, Eladio"]
[Result "0-1"]
[WhiteElo "1905"]
[BlackElo "1804"]
[PlyCount "70"]
[EventDate "2010.02.08"]
[EventType "swiss"]
[EventRounds "9"]
[EventCountry "ESP"]
[Source "lmi"]
[SourceDate "2010.02.08"]

1. e4 c6 2. d4 d5 3. Nc3 dxe4 4. Nxe4 Bf5 5. Ng3 Bg6 6. h4 h6 7. Bc4 e6 8. Nh3
Bd6 9. Bf4 Nf6 10. Qe2 O-O 11. O-O-O Qc7 12. Be5 Bxe5 13. dxe5 Nd5 14. f4 b5
15. Bxd5 cxd5 16. f5 exf5 17. Nf4 Bh7 18. Rxd5 a6 19. Rhd1 Nc6 20. Ngh5 Rae8
21. e6 Ne7 22. Rd7 Qc6 23. Qe5 f6 24. Qe3 Qe4 25. Qg3 g6 26. Nxg6 Nxg6 27. Rg7+
Kh8 28. Rxh7+ Kxh7 29. Rd7+ Kh8 30. Rg7 Qxh4 31. Rxg6 Qxh5 32. Rg7 Rg8 33.
Rxg8+ Rxg8 34. Qd6 Qh1+ 35. Kd2 Qxg2+ 0-1

[Event "Madrid ch Veteranos 2010"]
[Site "Madrid ESP"]
[Date "2010.02.10"]
[Round "3.12"]
[White "Diaz Begonte, Manuel"]
[Black "Minguela Muñoz, Bienvenido"]
[Result "0-1"]
[WhiteElo "1820"]
[BlackElo "1900"]
[PlyCount "64"]
[EventDate "2010.02.08"]
[EventType "swiss"]
[EventRounds "9"]
[EventCountry "ESP"]
[Source "lmi"]
[SourceDate "2010.02.08"]

1. e4 c5 2. d4 cxd4 3. c3 dxc3 4. Nxc3 Nc6 5. Nf3 g6 6. Bc4 e6 7. Bf4 d6 8. O-O
a6 9. Qe2 Na5 10. Bd3 e5 11. Bg5 Be7 12. Bxe7 Nxe7 13. h3 O-O 14. Nd5 Nxd5 15.
exd5 b5 16. b4 Nb7 17. Rac1 f5 18. Bb1 Bd7 19. Rc3 Rc8 20. Rfc1 Rxc3 21. Rxc3
Qb8 22. Qd2 Kg7 23. a3 Nd8 24. Qc1 Nf7 25. Qb2 Rc8 26. Re3 Qc7 27. Kh2 Qc1 28.
Qb3 Qc4 29. Qd1 h6 30. g3 Qc1 31. Qb3 Qf1 32. Qb2 Rc1 0-1

[Event "Madrid ch Veteranos 2010"]
[Site "Madrid ESP"]
[Date "2010.02.10"]
[Round "3.13"]
[White "Rodriguez Bachiller, Luis"]
[Black "Ortega Morales, Pedro"]
[Result "1-0"]
[WhiteElo "1897"]
[BlackElo "1791"]
[PlyCount "127"]
[EventDate "2010.02.08"]
[EventType "swiss"]
[EventRounds "9"]
[EventCountry "ESP"]
[Source "lmi"]
[SourceDate "2010.02.08"]

1. e4 e5 2. Nf3 Nc6 3. Bb5 Nf6 4. O-O Nxe4 5. Re1 Nd6 6. Bxc6 dxc6 7. Rxe5+ Be7
8. Qe1 Be6 9. Nd4 Bd7 10. d3 h6 11. Bf4 Nc8 12. Nc3 O-O 13. Nb3 Bd6 14. Re4 Qf6
15. Bxd6 Nxd6 16. Re3 b6 17. Qd2 c5 18. Rf3 Qh4 19. Qf4 Qh5 20. Re1 Rae8 21.
Rfe3 Rxe3 22. fxe3 Bc6 23. e4 Re8 24. Rf1 a5 25. Rf3 Qe5 26. Nd2 f5 27. Qxe5
Rxe5 28. Kf2 g5 29. Re3 fxe4 30. Ncxe4 Kg7 31. g3 Nf5 32. Re1 Nd4 33. c3 Rf5+
34. Kg1 Nf3+ 35. Nxf3 Rxf3 36. Nf2 Kf7 37. Rd1 Re3 38. Rf1 Kg7 39. a3 Re2 40.
Rb1 a4 41. Kf1 Re6 42. Rd1 Bf3 43. Rd2 Rd6 44. Nd1 c4 45. d4 Be4 46. Rf2 c5 47.
Rd2 Bd3+ 48. Kf2 cxd4 49. cxd4 Rxd4 50. Nc3 Rd7 51. Nxa4 Rf7+ 52. Ke3 Re7+ 53.
Kd4 Rd7+ 54. Kc3 Rc7 55. Nxb6 Rc6 56. Na4 Bf5 57. Rf2 Kg6 58. Rd2 Be6 59. Kb4
Bf7 60. Rc2 Rd6 61. Kc5 Ra6 62. Nb6 Ra5+ 63. Kb4 Ra7 64. Nxc4 1-0

[Event "Madrid ch Veteranos 2010"]
[Site "Madrid ESP"]
[Date "2010.02.10"]
[Round "3.14"]
[White "Fernandez- Bujarrabal, Pedro"]
[Black "Pardo Robles, Jose Manuel"]
[Result "1/2-1/2"]
[WhiteElo "1804"]
[BlackElo "1888"]
[PlyCount "79"]
[EventDate "2010.02.08"]
[EventType "swiss"]
[EventRounds "9"]
[EventCountry "ESP"]
[Source "lmi"]
[SourceDate "2010.02.08"]

1. e4 c5 2. Nf3 d6 3. d4 cxd4 4. Nxd4 Nf6 5. Nc3 g6 6. Be3 Bg7 7. Be2 O-O 8.
O-O Nc6 9. a3 Nxd4 10. Bxd4 Be6 11. f4 Rc8 12. Bxa7 b6 13. e5 Ne8 14. Qd4 dxe5
15. Qxd8 Rxd8 16. Rad1 Nd6 17. Nd5 Bxd5 18. Rxd5 Nc8 19. Rxd8 Rxd8 20. Bb8 exf4
21. Bxf4 Bxb2 22. a4 Bd4+ 23. Kh1 Nd6 24. Bd3 e5 25. Bh6 f5 26. Bg5 Ra8 27. Be7
Bc5 28. Bxd6 Bxd6 29. Bb5 Kf7 30. Rd1 Ke7 31. g3 Rc8 32. c4 g5 33. Kg2 e4 34.
Re1 h5 35. h3 Rd8 36. g4 hxg4 37. hxg4 Ke6 38. gxf5+ Kxf5 39. Bc6 Bc5 40. Bxe4+
1/2-1/2

[Event "Madrid ch Veteranos 2010"]
[Site "Madrid ESP"]
[Date "2010.02.10"]
[Round "3.15"]
[White "Lopez Peral, Enrique"]
[Black "Corredor Gonzalez, Angel L"]
[Result "1-0"]
[WhiteElo "1872"]
[BlackElo "1768"]
[PlyCount "49"]
[EventDate "2010.02.08"]
[EventType "swiss"]
[EventRounds "9"]
[EventCountry "ESP"]
[Source "lmi"]
[SourceDate "2010.02.08"]

1. d4 Nf6 2. c4 e5 3. dxe5 Ng4 4. Bf4 Bb4+ 5. Nd2 Nc6 6. a3 Bxd2+ 7. Qxd2 Ngxe5
8. e3 d6 9. Be2 Bf5 10. Nf3 O-O 11. Nd4 Nxd4 12. Qxd4 Re8 13. O-O Ng6 14. Bf3
Qc8 15. Bg3 Ne5 16. Bd5 c6 17. Be4 Bxe4 18. Qxe4 Qe6 19. Rac1 Rad8 20. Rfd1 d5
21. cxd5 Rxd5 22. Rxd5 cxd5 23. Qxe5 Qxe5 24. Bxe5 Rxe5 25. Rc8+ 1-0

[Event "Madrid ch Veteranos 2010"]
[Site "Madrid ESP"]
[Date "2010.02.10"]
[Round "3.16"]
[White "Keller, August"]
[Black "Garcia Lopez, Pedro"]
[Result "0-1"]
[WhiteElo "1771"]
[BlackElo "1855"]
[PlyCount "60"]
[EventDate "2010.02.08"]
[EventType "swiss"]
[EventRounds "9"]
[EventCountry "ESP"]
[Source "lmi"]
[SourceDate "2010.02.08"]

1. e4 c5 2. Nf3 a6 3. d4 cxd4 4. Nxd4 Nc6 5. g3 e6 6. Bg2 Nf6 7. O-O Bc5 8. Nb3
Bb6 9. Nc3 Qe7 10. Nd5 exd5 11. exd5 Ne5 12. Re1 d6 13. Kf1 Nfg4 14. Re2 Nxh2+
15. Kg1 Nhg4 16. Nd4 Bxd4 17. Qxd4 O-O 18. f4 f6 19. fxe5 fxe5 20. Qb4 b5 21.
Bf4 Qa7+ 22. Kh1 exf4 23. Rae1 Nf2+ 24. Kh2 fxg3+ 25. Kxg3 Qf7 26. Qxd6 Bg4 27.
Re7 Qf5 28. Qc7 Qg5 29. R1e5 Qf4+ 30. Kh4 Bf5+ 0-1

[Event "Madrid ch Veteranos 2010"]
[Site "Madrid ESP"]
[Date "2010.02.10"]
[Round "3.17"]
[White "Beekhof Harmsen, Willen"]
[Black "Ramos Orea, Tomas"]
[Result "1-0"]
[WhiteElo "1849"]
[BlackElo "1715"]
[PlyCount "79"]
[EventDate "2010.02.08"]
[EventType "swiss"]
[EventRounds "9"]
[EventCountry "ESP"]
[Source "lmi"]
[SourceDate "2010.02.08"]

1. d4 d5 2. Nf3 Bf5 3. Nc3 e6 4. Bf4 Bd6 5. Bxd6 Qxd6 6. e3 Nf6 7. Be2 c6 8.
Ne5 Nbd7 9. f4 Ne4 10. a3 Nxe5 11. fxe5 Qe7 12. O-O Bg6 13. Rf3 f5 14. Nxe4
fxe4 15. Rf4 O-O-O 16. c4 Rhf8 17. g3 Rxf4 18. gxf4 Bf5 19. cxd5 cxd5 20. Rc1+
Kb8 21. b4 g5 22. Qe1 gxf4 23. exf4 Rg8+ 24. Kh1 Bh3 25. Bf1 Bf5 26. Rc3 Rg4
27. Bh3 Rg8 28. Bxf5 exf5 29. Rg3 Rc8 30. Qg1 Qc7 31. Rg8 a6 32. Rxc8+ Qxc8 33.
Qe3 Qc4 34. Kg2 Kc7 35. Kg3 h5 36. Kh4 Qd3 37. Qc1+ Kd7 38. Qc5 e3 39. Qxd5+
Kc8 40. e6 1-0

[Event "Madrid ch Veteranos 2010"]
[Site "Madrid ESP"]
[Date "2010.02.10"]
[Round "3.18"]
[White "Gonzalo Gonzalez, Francisco"]
[Black "Leniz Martinez, Francisco"]
[Result "1/2-1/2"]
[WhiteElo "1761"]
[BlackElo "1845"]
[PlyCount "92"]
[EventDate "2010.02.08"]
[EventType "swiss"]
[EventRounds "9"]
[EventCountry "ESP"]
[Source "lmi"]
[SourceDate "2010.02.08"]

1. e4 c5 2. Nf3 e6 3. Nc3 a6 4. d4 cxd4 5. Nxd4 Qc7 6. Bd3 Nf6 7. Qf3 d6 8. Bd2
Bd7 9. g4 Nc6 10. Nxc6 Bxc6 11. O-O-O O-O-O 12. h3 Ne8 13. Qe2 g6 14. Nb1 Bg7
15. Qe1 Qb6 16. b3 Qa7 17. c4 Rd7 18. Rf1 Nc7 19. f4 Bd4 20. f5 Bb6 21. Rf3 Re7
22. Qh4 Rd7 23. Bc2 Bd4 24. Rdf1 b5 25. fxe6 fxe6 26. Rf8+ Rxf8 27. Rxf8+ Kb7
28. cxb5 axb5 29. Bc3 Qc5 30. b4 Qe5 31. Qe1 Qg7 32. Rf3 Bxc3 33. Rxc3 Rf7 34.
a3 Qf8 35. Kb2 Rf3 36. Qh4 Rxc3 37. Nxc3 Qg7 38. Qg3 e5 39. Qe3 Qe7 40. Bb3 Qd7
41. Qd2 Kb6 42. Qh6 Kb7 43. Bg8 d5 44. Bxh7 d4 45. Nd5 Bxd5 46. exd5 Qxd5
1/2-1/2

[Event "Madrid ch Veteranos 2010"]
[Site "Madrid ESP"]
[Date "2010.02.10"]
[Round "3.19"]
[White "Pardiñas Riaño, Emilio"]
[Black "Tome Salvador, Jose Antonio"]
[Result "1/2-1/2"]
[WhiteElo "1801"]
[BlackElo "1739"]
[PlyCount "82"]
[EventDate "2010.02.08"]
[EventType "swiss"]
[EventRounds "9"]
[EventCountry "ESP"]
[Source "lmi"]
[SourceDate "2010.02.08"]

1. e4 e5 2. Nf3 Nf6 3. Nxe5 d6 4. Nf3 Nxe4 5. d4 d5 6. Bd3 Be7 7. O-O O-O 8.
Re1 Nf6 9. Bg5 h6 10. Bh4 Re8 11. Nc3 c6 12. Qd2 Be6 13. Ne5 Nh7 14. Bxe7 Rxe7
15. f4 Nf8 16. f5 Bc8 17. Re3 f6 18. Nf3 Na6 19. Rae1 Rxe3 20. Qxe3 Nb4 21. Nh4
Nxd3 22. Qxd3 Bd7 23. Re3 Be8 24. Ne2 Qd7 25. Ng6 Bxg6 26. fxg6 Re8 27. Nf4 Ne6
28. Qe2 Nc7 29. Rxe8+ Qxe8 30. Qxe8+ Nxe8 31. Ne6 Nd6 32. Kf2 Nf5 33. g3 Ne7
34. Nf4 Kf8 35. h4 b5 36. b4 Nf5 37. c3 Ke7 38. g4 Nd6 39. Ke3 Ne4 40. Ne2 Ke6
41. Kf4 Ke7 1/2-1/2

[Event "Madrid ch Veteranos 2010"]
[Site "Madrid ESP"]
[Date "2010.02.10"]
[Round "3.22"]
[White "Martin Rodriguez, Jose Luis"]
[Black "Poblador Dieguez, Alfredo"]
[Result "0-1"]
[WhiteElo "1511"]
[BlackElo "1673"]
[PlyCount "48"]
[EventDate "2010.02.08"]
[EventType "swiss"]
[EventRounds "9"]
[EventCountry "ESP"]
[Source "lmi"]
[SourceDate "2010.02.08"]

1. e4 c5 2. Nf3 d6 3. d4 cxd4 4. Nxd4 Nf6 5. Nc3 a6 6. Bg5 e6 7. f4 Nbd7 8. Qf3
Qc7 9. Bd3 Be7 10. g4 Nc5 11. Bh4 e5 12. Nf5 Bxf5 13. gxf5 Qb6 14. Ke2 exf4 15.
Bf2 Qc6 16. a4 O-O 17. Qxf4 Rfe8 18. Rhg1 Bf8 19. Be3 Ncxe4 20. Nxe4 Nxe4 21.
Rxg7+ Bxg7 22. Rg1 f6 23. Rxg7+ Kxg7 24. Qh6+ Kg8 0-1

[Event "Madrid ch Veteranos 2010"]
[Site "Madrid ESP"]
[Date "2010.02.10"]
[Round "3.23"]
[White "Cortijo Manso, Luis"]
[Black "Aburto Renovales, Rafael"]
[Result "1-0"]
[WhiteElo "1614"]
[BlackElo "1535"]
[PlyCount "55"]
[EventDate "2010.02.08"]
[EventType "swiss"]
[EventRounds "9"]
[EventCountry "ESP"]
[Source "lmi"]
[SourceDate "2010.02.08"]

1. e4 Nc6 2. Nf3 e5 3. Bb5 Nge7 4. O-O a6 5. Ba4 d6 6. c3 Bd7 7. d4 b5 8. Bb3
Na5 9. Bc2 c6 10. dxe5 Bg4 11. exd6 Ng6 12. h3 Bxf3 13. Qxf3 Bxd6 14. Rd1 Ne5
15. Qe2 O-O 16. Bf4 Re8 17. Nd2 Qc7 18. Bxe5 Rxe5 19. Nf3 Ree8 20. Rd3 Rad8 21.
Rad1 Nc4 22. Bb3 Na5 23. e5 Qb8 24. Qd2 Be7 25. Rxd8 Rxd8 26. Qxd8+ Bxd8 27. e6
f6 28. e7+ 1-0

[Event "Madrid ch Veteranos 2010"]
[Site "Madrid ESP"]
[Date "2010.02.11"]
[Round "4.1"]
[White "Lopez Heras, Arturo"]
[Black "Lorite Cruz, Francisco"]
[Result "0-1"]
[WhiteElo "2005"]
[BlackElo "2073"]
[PlyCount "76"]
[EventDate "2010.02.08"]
[EventType "swiss"]
[EventRounds "9"]
[EventCountry "ESP"]
[Source "lmi"]
[SourceDate "2010.02.08"]

1. e4 d6 2. d4 Nf6 3. Nc3 c6 4. Be3 Ng4 5. Bf4 Nf6 6. f3 Qa5 7. Qd2 e5 8. Bg5
Be7 9. d5 c5 10. Bb5+ Nbd7 11. g4 a6 12. Be2 b5 13. h4 c4 14. Nd1 Bd8 15. Nh3
Nc5 16. Nhf2 Bd7 17. O-O h6 18. Be3 Qxd2 19. Bxd2 Rc8 20. Ne3 g6 21. Rfc1 Bb6
22. Kg2 Na4 23. Ned1 Nxb2 24. Nxb2 c3 25. Bxc3 Rxc3 26. a4 Ke7 27. axb5 axb5
28. Ra6 Be3 29. Nbd1 Bxc1 30. Nxc3 b4 31. Na2 Bd2 32. Rb6 Rc8 33. Nxb4 Bxb4 34.
Rxb4 Rxc2 35. Bd1 Rc1 36. Rb7 Kd8 37. Rb8+ Bc8 38. Be2 Kc7 0-1

[Event "Madrid ch Veteranos 2010"]
[Site "Madrid ESP"]
[Date "2010.02.11"]
[Round "4.2"]
[White "Gabriel Y Galan Acevedo, Jesus"]
[Black "Garcia Gutierrez, Jose"]
[Result "0-1"]
[WhiteElo "1964"]
[BlackElo "2027"]
[PlyCount "34"]
[EventDate "2010.02.08"]
[EventType "swiss"]
[EventRounds "9"]
[EventCountry "ESP"]
[Source "lmi"]
[SourceDate "2010.02.08"]

1. e4 e6 2. d4 d5 3. Nc3 Nf6 4. Bd3 c5 5. dxc5 Bxc5 6. e5 Nfd7 7. Nf3 Nc6 8.
Qe2 a6 9. O-O h6 10. a3 O-O 11. Bf4 b5 12. Qd2 f6 13. Rfe1 fxe5 14. Nxe5 Ndxe5
15. Bxe5 Rxf2 16. Qxf2 Bxf2+ 17. Kxf2 Nxe5 0-1

[Event "Madrid ch Veteranos 2010"]
[Site "Madrid ESP"]
[Date "2010.02.11"]
[Round "4.3"]
[White "Fuentes Arjona, Antonio"]
[Black "Estrada Martinez, Cesar"]
[Result "0-1"]
[WhiteElo "2041"]
[BlackElo "2182"]
[PlyCount "106"]
[EventDate "2010.02.08"]
[EventType "swiss"]
[EventRounds "9"]
[EventCountry "ESP"]
[Source "lmi"]
[SourceDate "2010.02.08"]

1. e4 g6 2. d4 Bg7 3. c4 d6 4. Nf3 Nf6 5. Nc3 O-O 6. Be2 Nc6 7. O-O e5 8. dxe5
dxe5 9. Bg5 Qxd1 10. Rfxd1 Bg4 11. Bxf6 Bxf6 12. Nd5 Bd8 13. b4 Bxf3 14. Bxf3
Nd4 15. b5 c6 16. bxc6 bxc6 17. Nb4 Rb8 18. Rab1 Be7 19. Nd3 f6 20. Kf1 Rfd8
21. Rxb8 Rxb8 22. Bg4 Bd6 23. g3 Kf7 24. f4 h5 25. Be2 Ke7 26. c5 Bc7 27. Rd2
Rb1+ 28. Kf2 Ne6 29. f5 gxf5 30. exf5 Nd4 31. Bxh5 Nxf5 32. Bf3 Nd4 33. Bg2 f5
34. Ke3 Ke6 35. Nf4+ exf4+ 36. Kxd4 Be5+ 37. Kd3 fxg3 38. hxg3 Rc1 39. Bxc6
Rxc5 40. Ba4 Bxg3 41. Ke2 Ke5 42. Rd3 Kf4 43. Rd4+ Kg5 44. Rd3 Kg4 45. Rd4+ Bf4
46. Rd3 Rc7 47. Bd1 Rh7 48. Kf2+ Kg5 49. Bf3 Bc7 50. Bg2 Bb6+ 51. Kf3 Rc7 52.
Ke2 Rc4 53. Rg3+ Kf4 0-1

[Event "Madrid ch Veteranos 2010"]
[Site "Madrid ESP"]
[Date "2010.02.11"]
[Round "4.4"]
[White "Garcia Esteban, Juan Ignacio"]
[Black "Perez Cameselle, Francisco"]
[Result "1-0"]
[WhiteElo "2002"]
[BlackElo "1944"]
[PlyCount "91"]
[EventDate "2010.02.08"]
[EventType "swiss"]
[EventRounds "9"]
[EventCountry "ESP"]
[Source "lmi"]
[SourceDate "2010.02.08"]

1. e4 g6 2. d4 Bg7 3. Nf3 d6 4. Bc4 Nf6 5. Nc3 Nc6 6. O-O O-O 7. h3 a6 8. a4 e5
9. dxe5 Nxe5 10. Nxe5 dxe5 11. Qe2 Qe7 12. Be3 Be6 13. Rfd1 Rfd8 14. Bg5 Qb4
15. Bxe6 fxe6 16. Qf3 Rd4 17. Bxf6 Rf8 18. Rxd4 exd4 19. e5 dxc3 20. bxc3 Qb2
21. Rd1 Qxc2 22. Rd7 Bxf6 23. exf6 Qb1+ 24. Kh2 Qf5 25. Qxf5 gxf5 26. Rg7+ Kh8
27. Rxc7 Rxf6 28. Rxb7 e5 29. Rc7 e4 30. Kg1 Re6 31. Kf1 f4 32. Rf7 f3 33. gxf3
exf3 34. Rxf3 Re4 35. a5 Re5 36. Re3 Rxa5 37. Ke2 Kg7 38. Kd3 Kf6 39. Kd4 Rf5
40. c4 Rxf2 41. c5 Rc2 42. Kd5 a5 43. c6 a4 44. Kd6 Rd2+ 45. Kc7 Rd5 46. Kb6
1-0

[Event "Madrid ch Veteranos 2010"]
[Site "Madrid ESP"]
[Date "2010.02.11"]
[Round "4.5"]
[White "Sanchez-Guijaldo Vela, Demetrio"]
[Black "Lastras Hernandez, Tomas"]
[Result "1-0"]
[WhiteElo "2149"]
[BlackElo "1885"]
[PlyCount "121"]
[EventDate "2010.02.08"]
[EventType "swiss"]
[EventRounds "9"]
[EventCountry "ESP"]
[Source "lmi"]
[SourceDate "2010.02.08"]

1. e4 c5 2. Nf3 Nc6 3. Bb5 a6 4. Bxc6 bxc6 5. d3 g6 6. O-O Bg7 7. Nc3 e5 8. Be3
d6 9. h3 Ne7 10. Qd2 O-O 11. Bh6 f5 12. Bxg7 Kxg7 13. exf5 Bxf5 14. Nh2 Rb8 15.
b3 Nd5 16. Nxd5 cxd5 17. f4 e4 18. dxe4 Bxe4 19. Rae1 Qb6 20. c4 Qc6 21. cxd5
Qxd5 22. Qxd5 Bxd5 23. Rd1 Bc6 24. Rxd6 Bb5 25. Rc1 Rxf4 26. Rxc5 Re8 27. Rc7+
Kg8 28. Nf3 Rf7 29. Rxf7 Kxf7 30. Ng5+ Kg7 31. a4 Be2 32. Re6 Rxe6 33. Nxe6+
Kf6 34. Nd4 Bd1 35. Kf2 Ke5 36. Ke3 Kd5 37. Kd3 Kc5 38. Kc3 a5 39. Ne6+ Kd5 40.
Nf8 Be2 41. h4 Ke5 42. Nxh7 Kf4 43. Nf8 Kf5 44. Nd7 Kg4 45. Ne5+ Kxh4 46. Nxg6+
Kg3 47. Ne5 Bf1 48. Nc6 Bxg2 49. Nxa5 Kf4 50. b4 Ke5 51. b5 Kd6 52. Kb4 Kc7 53.
Nc4 Kb7 54. a5 Bh1 55. a6+ Kc7 56. Kc5 Bg2 57. b6+ Kb8 58. Na5 Bf3 59. Nc6+
Bxc6 60. Kxc6 Ka8 61. b7+ 1-0

[Event "Madrid ch Veteranos 2010"]
[Site "Madrid ESP"]
[Date "2010.02.11"]
[Round "4.6"]
[White "Garcia Lopez, Pedro"]
[Black "Ciuro Muñoz, Ricardo"]
[Result "0-1"]
[WhiteElo "1855"]
[BlackElo "2138"]
[PlyCount "68"]
[EventDate "2010.02.08"]
[EventType "swiss"]
[EventRounds "9"]
[EventCountry "ESP"]
[Source "lmi"]
[SourceDate "2010.02.08"]

1. d4 Nf6 2. c4 g6 3. Nc3 d5 4. e3 Bg7 5. Nf3 O-O 6. h3 c6 7. cxd5 Nxd5 8. a3
Re8 9. Bc4 e6 10. O-O Nd7 11. Re1 Nxc3 12. bxc3 b5 13. Be2 Bb7 14. a4 a6 15.
Ba3 e5 16. Bb4 exd4 17. cxd4 c5 18. Bc3 b4 19. Bb2 a5 20. Bb5 Re7 21. Rb1 Rc8
22. dxc5 Nxc5 23. Bxg7 Kxg7 24. Qe2 Ne4 25. Red1 Qb6 26. Rbc1 Nc3 27. Qb2 Qf6
28. Rxc3 Qxc3 29. Qxc3+ Rxc3 30. Nd4 Rec7 31. g3 Rc1 32. Rf1 Bd5 33. f3 b3 34.
e4 b2 0-1

[Event "Madrid ch Veteranos 2010"]
[Site "Madrid ESP"]
[Date "2010.02.11"]
[Round "4.7"]
[White "Carbonell Martinez, Juan"]
[Black "Lopez Peral, Enrique"]
[Result "1/2-1/2"]
[WhiteElo "2083"]
[BlackElo "1872"]
[PlyCount "42"]
[EventDate "2010.02.08"]
[EventType "swiss"]
[EventRounds "9"]
[EventCountry "ESP"]
[Source "lmi"]
[SourceDate "2010.02.08"]

1. d4 d5 2. Nf3 Bf5 3. Bf4 e6 4. e3 Bb4+ 5. c3 Bd6 6. Bg3 Nf6 7. Ne5 O-O 8. Nd2
Nbd7 9. Be2 Ne4 10. Nxe4 Bxe4 11. f3 Bf5 12. Qb3 Qc8 13. O-O c5 14. Ng6 Bxg6
15. Bxd6 c4 16. Qa3 Re8 17. Rfd1 Qc6 18. Rac1 b5 19. Bg3 a5 20. b3 Nb6 21. Rd2
h6 1/2-1/2

[Event "Madrid ch Veteranos 2010"]
[Site "Madrid ESP"]
[Date "2010.02.11"]
[Round "4.8"]
[White "Benito Alba, Eladio"]
[Black "Moragrega Herrero, Juan Jose"]
[Result "1/2-1/2"]
[WhiteElo "1804"]
[BlackElo "1981"]
[PlyCount "69"]
[EventDate "2010.02.08"]
[EventType "swiss"]
[EventRounds "9"]
[EventCountry "ESP"]
[Source "lmi"]
[SourceDate "2010.02.08"]

1. d4 d5 2. c4 c6 3. Nf3 Nf6 4. Nc3 g6 5. e3 Bg7 6. Bd3 O-O 7. h3 Nbd7 8. O-O
Nb6 9. b3 Re8 10. Bb2 Be6 11. Ng5 Bd7 12. e4 dxe4 13. Ngxe4 Nxe4 14. Bxe4 Qc7
15. Qd2 Rad8 16. Rad1 Bc8 17. Ne2 e5 18. d5 cxd5 19. cxd5 f5 20. d6 Qf7 21. Bd5
Be6 22. Bxe6 Qxe6 23. Rfe1 Rd7 24. f4 e4 25. Bxg7 Rxg7 26. Qa5 Nc8 27. Nd4 Qd7
28. Qd5+ Rf7 29. Nb5 Re6 30. Rc1 Nb6 31. Qc5 a6 32. Qxb6 axb5 33. Rcd1 Rf8 34.
Rd5 Rd8 35. Red1 1/2-1/2

[Event "Madrid ch Veteranos 2010"]
[Site "Madrid ESP"]
[Date "2010.02.11"]
[Round "4.9"]
[White "Minguela Muñoz, Bienvenido"]
[Black "Beekhof Harmsen, Willen"]
[Result "1-0"]
[WhiteElo "1900"]
[BlackElo "1849"]
[PlyCount "116"]
[EventDate "2010.02.08"]
[EventType "swiss"]
[EventRounds "9"]
[EventCountry "ESP"]
[Source "lmi"]
[SourceDate "2010.02.08"]

1. Nf3 Nf6 2. g3 g6 3. c4 Bg7 4. d4 c6 5. Bg2 d6 6. Nc3 O-O 7. O-O Na6 8. e4
Nd7 9. Be3 c5 10. a3 Rb8 11. Qc2 b6 12. Nb5 Bb7 13. Nxa7 f5 14. d5 fxe4 15. Ng5
Nc7 16. Nb5 Nxb5 17. Ne6 Qe8 18. Nxf8 Nxf8 19. cxb5 Qxb5 20. Bxe4 Qxb2 21. Qxb2
Bxb2 22. Ra2 Bf6 23. Rb1 Ba8 24. f3 Nd7 25. a4 Ne5 26. Rc2 Kf8 27. h3 e6 28.
dxe6 Bxe4 29. fxe4 Nc6 30. Rf2 Ke7 31. g4 Ne5 32. Rbf1 Bh8 33. Bg5+ Kxe6 34.
Rf8 Rxf8 35. Rxf8 Bg7 36. Re8+ Kf7 37. Re7+ Kf8 38. Kg2 h6 39. Bh4 g5 40. Rb7
gxh4 41. Rxb6 Nc4 42. Rb7 Be5 43. Kf2 Bf4 44. Ke2 Ke8 45. Kd3 Ne5+ 46. Kc3 Kd8
47. a5 Kc8 48. a6 Nc6 49. Rf7 Be5+ 50. Kc4 Kb8 51. Rb7+ Ka8 52. Kb5 Nb4 53. Rf7
Nxa6 54. Kxa6 Kb8 55. Kb6 Kc8 56. Kc6 Kd8 57. Kd5 Ke8 58. Rf5 Ke7 1-0

[Event "Madrid ch Veteranos 2010"]
[Site "Madrid ESP"]
[Date "2010.02.11"]
[Round "4.11"]
[White "Osorio Ramos, Francisco"]
[Black "Gonzalez Cespedes, Manuel"]
[Result "1/2-1/2"]
[WhiteElo "1944"]
[BlackElo "1810"]
[PlyCount "98"]
[EventDate "2010.02.08"]
[EventType "swiss"]
[EventRounds "9"]
[EventCountry "ESP"]
[Source "lmi"]
[SourceDate "2010.02.08"]

1. Nf3 Nf6 2. d4 g6 3. c4 Bg7 4. g3 c6 5. Bg2 O-O 6. O-O d5 7. Nc3 Bf5 8. cxd5
cxd5 9. Qb3 Bc8 10. Ne5 e6 11. e3 Nfd7 12. Nxd7 Nxd7 13. Rd1 Kh8 14. e4 dxe4
15. Nxe4 Qb6 16. Qxb6 Nxb6 17. Be3 Nd5 18. Nc3 Nxe3 19. fxe3 Rb8 20. Rac1 Bh6
21. Kf2 Bd7 22. b3 Rfc8 23. Ne2 b6 24. Be4 Rxc1 25. Rxc1 Rc8 26. Rxc8+ Bxc8 27.
b4 Bd7 28. Nc3 b5 29. Bd3 a6 30. Ne4 Bf8 31. Nc5 Bxc5 32. dxc5 Bc6 33. e4 e5
34. Ke3 Kg7 35. Bc2 Kf6 36. Bb3 Ke7 37. g4 Bd7 38. g5 f5 39. gxf6+ Kxf6 40. Bd5
Bc8 41. Bc6 Ke7 42. a4 bxa4 43. Bxa4 Bd7 44. Bb3 g5 45. Bc4 Bc8 46. Be2 g4 47.
Bc4 h5 48. Bd5 h4 49. Kf2 Kf6 1/2-1/2

[Event "Madrid ch Veteranos 2010"]
[Site "Madrid ESP"]
[Date "2010.02.11"]
[Round "4.12"]
[White "Pardo Robles, Jose Manuel"]
[Black "Gonzalo Gonzalez, Francisco"]
[Result "1-0"]
[WhiteElo "1888"]
[BlackElo "1761"]
[PlyCount "89"]
[EventDate "2010.02.08"]
[EventType "swiss"]
[EventRounds "9"]
[EventCountry "ESP"]
[Source "lmi"]
[SourceDate "2010.02.08"]

1. d4 e5 2. dxe5 Nc6 3. Nf3 Qe7 4. Nc3 Nxe5 5. e4 Nf6 6. Bf4 d6 7. Bb5+ c6 8.
Be2 Bg4 9. O-O O-O-O 10. h3 Bh5 11. Nd4 Bxe2 12. Qxe2 g6 13. a4 h5 14. a5 Bh6
15. Bxh6 Rxh6 16. f4 Ned7 17. a6 Nc5 18. axb7+ Qxb7 19. Qc4 Qb6 20. Kh1 Nfxe4
21. Nxe4 Nxe4 22. Rfe1 d5 23. Qxc6+ Qxc6 24. Nxc6 Rd6 25. Nxa7+ Kb7 26. c4 f5
27. Nb5 Rb6 28. b3 Rh8 29. Ra7+ Kc8 30. Rea1 Rb7 31. Ra8+ Rb8 32. cxd5 Kb7 33.
R8a7+ Kb6 34. Nc7 Rhc8 35. Ne6 Rc3 36. R7a6+ Kb7 37. Nd4 Rbc8 38. Rxg6 Ng3+ 39.
Rxg3 Rxg3 40. Nxf5 Rxb3 41. Nd6+ Kb8 42. Nxc8 Kxc8 43. Rd1 Rb4 44. g3 h4 45.
Kg2 1-0

[Event "Madrid ch Veteranos 2010"]
[Site "Madrid ESP"]
[Date "2010.02.11"]
[Round "4.13"]
[White "Leniz Martinez, Francisco"]
[Black "Fernandez- Bujarrabal, Pedro"]
[Result "1-0"]
[WhiteElo "1845"]
[BlackElo "1804"]
[PlyCount "109"]
[EventDate "2010.02.08"]
[EventType "swiss"]
[EventRounds "9"]
[EventCountry "ESP"]
[Source "lmi"]
[SourceDate "2010.02.08"]

1. e4 e5 2. Nf3 Nc6 3. Bb5 a6 4. Ba4 Nf6 5. O-O Be7 6. Re1 b5 7. Bb3 O-O 8. c3
d5 9. exd5 Nxd5 10. Nxe5 Nxe5 11. Rxe5 c6 12. d4 Bd6 13. Re1 Qh4 14. g3 Qh3 15.
Qe2 Bf5 16. Qf1 Qh5 17. Bd1 Qg6 18. Nd2 Nf4 19. Re3 Bh3 20. Qe1 Ng2 21. Qe2
Nxe3 22. fxe3 Bg4 23. Qxg4 Qxg4 24. Bxg4 f5 25. Bf3 Rac8 26. b4 Rfe8 27. Kf2
Kf7 28. Nb3 Re7 29. Bd2 Ke8 30. Re1 Kd7 31. e4 fxe4 32. Bg4+ Kc7 33. Bxc8 Kxc8
34. Be3 g6 35. Ke2 Kb7 36. Rf1 Rd7 37. Na5+ Kc7 38. Bf4 Bxf4 39. Rxf4 Kb6 40.
Rf6 Rc7 41. d5 Ka7 42. Rxc6 Rd7 43. d6 Kb8 44. Rxa6 h5 45. Rc6 g5 46. Ke3 h4
47. gxh4 gxh4 48. Kxe4 Rh7 49. h3 Rg7 50. Kf5 Rg3 51. d7 Ka7 52. Rc7+ Kb6 53.
d8=Q Rf3+ 54. Kg4 Rg3+ 55. Kxh4 1-0